000 00413nam a2200193Ia 4500
005 20240823051032.0
008 240823s9999||||xx |||||||||||||| ||und||
020 _a81-8348-000-57
041 _aENGLISH
082 _A248.22
100 _aGupta S C
245 0 _a151 Essays
250 _a1st
260 _bArihant Publica
500 _aYES
650 _aEssays
_bGeneral
942 _cBK
999 _c218631
_d218631